000 00696nam a2200241 a 4500
001 718
003 BR-CuiBMT
005 20231114191311.0
008 231114s2013 spb 001 0 por d
020 _a9788522475544
040 _aBR-CuiBMT
_cBR-CuiBMT
080 _22007
_a347.73:336.22
090 _a347.73:336.22
_bH254d
_c22. ed.
100 1 _aHarada, Kiyoshi
_d1941-
245 _aDireito financeiro e tributário /
_cKiyoshi Harada
250 _a22. ed., rev. e ampl.
260 _aSão Paulo:
_bAtlas,
_c2013.
300 _a824 p.
_c24 cm
504 _ainclui bibliografia e índice.
650 _aDireito financeiro
_zBrasil
650 _aDireito tributário
_zBrasil
942 _2udc
_cLV
999 _c718
_d718